[Event "Match"]
[Site "www.echecsemail.com"]
[Date "2015.02.12"]
[Round "1"]
[White "Generalfree"]
[Black "Libiesse"]
[WhiteElo "1700"]
[BlackElo "2000"]
[Result "0-1"]
[Round "1"]
1.e4 c5
2.c4 Nb8c6
3.Nb1c3 e6
4.g3 a6
5.f4 Qd8c7
6.d3 d6
7.Bf1g2 Bc8d7
8.a3 Ng8f6
9.h3 Bf8e7
10.Bg2f3 O-O
11.Bc1e3 Ra8b8
12.Qd1d2 Rf8d8
13.Ng1e2 Nc6a5
14.Qd2c2 Na5c6
15.g4 h6
16.h4 e5
17.f5 Nc6d4
18.Be3xd4 cxd4
19.Nc3d5 Nf6xd5
20.exd5 b5
21.b4 Rd8c8
22.Ra1c1 Qc7d8
23.h5 Be7g5
24.Rc1b1 Rc8c7
25.c5 Rb8c8
26.c6 Bd7e8
27.Ne2g3 Bg5h4
28.Rh1g1 Qd8g5
29.Kf1 Qg5f4
30.Qc2g2 Be8xc6
31.dxc6 Rc7xc6
32.Ng3e2 Rc6c1
33.Ne2xc1 Rc8xc1
34.Rb1xc1 Qf4xc1
35.Ke2 Qc1c2
36.Kf1 Qc2c1
37.Ke2 Qc1e3
38.Kd1 Qe3xd3
39.Kc1 Qd3xa3
40.Kd1 Qa3b3
41.Qg2c2 Qb3xf3
42.Kc1 Qf3e3
43.Kb2 Qe3xg1
{ resign }
0-1

[Event "Match"]
[Site "www.echecsemail.com"]
[Date "2015.02.12"]
[Round "1"]
[White "Sontuozio"]
[Black "Apdash"]
[WhiteElo "2260"]
[BlackElo "2140"]
[Result "1-0"]
[Round "1"]
1.d4 d5
2.Ng1f3 Ng8f6
3.e3 e6
4.Bf1d3 c5
5.c3 Nb8c6
6.Nb1d2 cxd4
7.exd4 Bf8d6
8.O-O O-O
9.Rf1e1 Bc8d7
10.Nd2f1 Rf8e8
11.Bc1g5 Bd6e7
12.Qd1c2 h6
13.Bg5f4 Nf6h5
14.Bf4d2 Qd8c7
15.Nf1g3 Nh5f4
16.Bd2xf4 Be7d6
17.Bf4xd6 Qc7xd6
18.Nf3e5 Ra8c8
19.Qc2e2 Nc6xe5
20.dxe5 Qd6e7
21.Ng3h5 Qe7g5
22.f4 Qg5h4
23.g3 Qh4h3
24.f5 exf5
25.Nh5f4 Qh3g4
26.Qe2xg4 fxg4
27.Nf4xd5 Bd7e6
28.Nd5f4 Rc8d8
29.Nf4xe6 Rd8xd3
30.Ne6d4 Rd3d2
31.Ra1b1 g6
32.e6  { time }
1-0

[Event "1/128 Finale"]
[Site "www.chess-mail.com"]
[Date "2015.02.12"]
[Round "1"]
[White "Norlavuaram"]
[Black "Manuel09"]
[WhiteElo "2100"]
[BlackElo "1950"]
[Result "1/2-1/2"]
[Round "1"]
1.e4 e5
2.Ng1f3 Nb8c6
3.Bf1b5 a6
4.Bb5a4 b5
5.Ba4b3 Ng8f6
6.d3 h6
7.c3 d6
8.O-O Bf8e7
9.h3 O-O
10.Bc1e3 Bc8b7
11.Qd1e2 Rf8e8
12.Nb1d2 Nc6a5
13.Bb3c2 Be7f8
14.Ra1d1 c5
15.d4 c4
16.dxe5 dxe5
17.Nd2xc4 Qd8c7
18.Nc4xa5 Qc7xa5
19.Bc2b1 Bb7xe4
20.Bb1xe4 Nf6xe4
21.Be3c1 f5
22.c4 Qa5xa2
23.cxb5 axb5
24.Qe2xb5 Qa2e6
25.Qb5d5 Ra8a6
26.Qd5xe6 Ra6xe6
27.Nf3d2 Ne4xd2
28.Rd1xd2 Bf8c5
29.Rf1d1 Bc5d4
30.Kf1 g5
31.Rd2d3 f4
32.b3 Re8b8
33.Rd1e1 Re6b6
34.Bc1a3 Rb6xb3
35.Rd3xb3 Rb8xb3
36.Ba3d6 Rb3b2
37.Re1e2 Rb2b1
38.Re2e1 Rb1xe1
39.Kxe1 Kf7
40.Ke2 Ke6
41.Bd6f8 h5
42.Bf8h6 Kf6
43.Bh6f8 g4
44.hxg4 hxg4
45.Bf8b4 Kf5
46.Bb4d2 e4
47.Bd2c1 f3
48.gxf3 gxf3
49.Kf1 Bd4e5
50.Bc1e3 Be5f4
51.Be3a7 Ke5
52.Ba7b6 Kd5
53.Bb6a7 Kc4
54.Ba7b6 Kd3
55.Bb6a7 e3
56.fxe3 Bf4xe3
57.Ba7b8 Be3d4
{ draw }
1/2-1/2

[Event "1/64 Finale"]
[Site "www.chess-mail.com"]
[Date "2015.02.12"]
[Round "1"]
[White "E4player"]
[Black "Dany2005"]
[WhiteElo "2299"]
[BlackElo "1909"]
[Result "1-0"]
[Round "1"]
1.e4 e5
2.Ng1f3 Nb8c6
3.Bf1c4 Bf8e7
4.d4 exd4
5.c3 Ng8f6
6.e5 Nf6e4
7.Bc4d5 Ne4g5
8.Nf3xg5 Be7xg5
9.Qd1h5 { resign }
1-0

[Event "Eq:Angels of Checkmate-Equipo Juan Diaz : "]
[Site "www.chess-mail.com"]
[Date "2015.02.12"]
[Round "1"]
[White "Ilusion"]
[Black "Neverless"]
[WhiteElo "1950"]
[BlackElo "2650"]
[Result "0-1"]
[Round "1"]
1.d4 Ng8f6
2.c4 e6
3.Nb1c3 Bf8b4
4.Qd1c2 c5
5.dxc5 O-O
6.a3 Bb4xc5
7.Ng1f3 b6
8.Bc1g5 Bc8b7
9.e3 Bc5e7
10.Bf1e2 h6
11.Bg5h4 a6
12.O-O d6
13.Rf1d1 Qd8c7
14.h3 Nb8d7
15.Nf3d2 Nd7e5
16.f4 Ne5g6
17.Bh4f2 Ra8c8
18.b3 d5
19.Be2f3 dxc4
{ resign }
0-1

[Event "Tourn. n7971"]
[Site "www.chess-mail.com"]
[Date "2015.02.12"]
[Round "1"]
[White "Morse"]
[Black "Rons"]
[WhiteElo "2210"]
[BlackElo "2500"]
[Result "0-1"]
[Round "1"]
1.Ng1f3 Ng8f6
2.g3 d5
3.c4 e6
4.Bf1g2 Bf8e7
5.O-O O-O
6.b3 c5
7.Bc1b2 Nb8c6
8.cxd5 exd5
9.d4 Nf6e4
10.dxc5 Be7xc5
11.Nb1d2 Bc8g4
12.h3 Bg4xf3
13.Bg2xf3 Ne4xg3
14.e3 Ng3xf1
15.Nd2xf1 Qd8g5
16.Nf1g3 Bc5xe3
17.Kf1 Ra8d8
18.Qd1d3 Be3f4
19.Ng3f5 Bf4e5
20.Bb2c1 Qg5f6
21.Ra1b1 Nc6b4
{ resign }
0-1

[Event "Tourn. n8001"]
[Site "www.chess-mail.com"]
[Date "2015.02.12"]
[Round "1"]
[White "Winterlude"]
[Black "Fvdp"]
[WhiteElo "2540"]
[BlackElo "2370"]
[Result "1-0"]
[Round "1"]
1.e4 c5
2.Ng1f3 d6
3.Bf1b5 Nb8d7
4.d4 cxd4
5.Qd1xd4 a6
6.Bb5xd7 Bc8xd7
7.c4 Ng8f6
8.Bc1g5 e6
9.Nb1c3 Bf8e7
10.O-O O-O
11.Ra1c1 Bd7c6
12.Rf1d1 h6
13.Bg5h4 Qd8c7
14.h3 Rf8d8
15.Nc3d5 Bc6xd5
16.cxd5 Qc7a5
17.dxe6 fxe6
18.Qd4d3 Rd8d7
19.Bh4xf6 Be7xf6
20.e5 Bf6e7
21.Qd3c4 d5
22.Qc4g4 Qa5b6
23.Rd1d3 a5
24.Rd3b3 Qb6a6
25.Nf3d4 Be7f8
26.Rb3f3 Ra8e8
27.Qg4g6 Rd7e7
28.Rc1c7 Qa6b6
29.Rc7xe7 Re8xe7
30.Nd4f5 { resign }
1-0

[Event "Tourn. n8016"]
[Site "www.chess-mail.com"]
[Date "2015.02.12"]
[Round "1"]
[White "Difficult"]
[Black "Stevo100"]
[WhiteElo "2020"]
[BlackElo "2060"]
[Result "1-0"]
[Round "1"]
1.e4 e6
2.d4 d5
3.exd5 exd5
4.Bf1d3 c5
5.Ng1f3 Ng8f6
6.c3 Nb8c6
7.h3 Bf8e7
8.dxc5 Be7xc5
9.O-O O-O
10.Nb1d2 Qd8d6
11.Nd2b3 Bc5b6
12.Bc1g5 h6
13.Bg5xf6 Qd6xf6
14.Rf1e1 Bc8f5
15.Bd3xf5 Qf6xf5
16.Qd1d2 Ra8d8
17.Nf3d4 Qf5f6
18.Ra1d1  { time }
1-0

[Event "Tourn. n8002"]
[Site "www.chess-mail.com"]
[Date "2015.02.12"]
[Round "1"]
[White "Blackpool"]
[Black "Falcoale"]
[WhiteElo "1840"]
[BlackElo "1880"]
[Result "0-1"]
[Round "1"]
1.c4 Nb8c6
2.Nb1c3 e6
3.d4 Bf8b4
4.Ng1f3 Ng8f6
5.Bc1d2 O-O
6.e3 Rf8e8
7.Bf1d3 e5
8.dxe5 Nc6xe5
9.Nf3xe5 Re8xe5
10.O-O b6
11.a3 Bb4e7
12.Rf1e1 Bc8b7
13.e4 c6
14.f4 Re5a5
15.e5 Nf6e8
16.Qd1h5 g6
17.Qh5h6 Be7f8
18.Qh6h3 Bb7c8
19.Nc3e4 d5
{ resign }
0-1

[Event "Tourn. n8043"]
[Site "www.chess-mail.com"]
[Date "2015.02.12"]
[Round "1"]
[White "Attatroll"]
[Black "Julian"]
[WhiteElo "1990"]
[BlackElo "1950"]
[Result "0-1"]
[Round "1"]
1.e4 c5
2.Nb1c3 d6
3.f4 Nb8c6
4.Ng1f3 e6
5.Bf1b5 Bc8d7
6.O-O Ng8e7
7.d3 g6
8.Nc3e2 Bf8g7
9.c3 O-O
10.g4 f5
11.gxf5 exf5
12.e5 dxe5
13.Nf3g5 h6
14.Ng5f3 e4
15.dxe4 fxe4
16.Nf3d2 Bd7g4
17.Nd2xe4 Qd8xd1
18.Rf1xd1 a6
19.Bb5c4 Kh7
20.Ne2g3 Bg4xd1
{ resign }
0-1

[Event "Match"]
[Site "www.echecsemail.com"]
[Date "2015.02.12"]
[Round "1"]
[White "Neoncrash"]
[Black "Glenno"]
[WhiteElo "1950"]
[BlackElo "2350"]
[Result "0-1"]
[Round "1"]
1.d4 Ng8f6
2.c4 e6
3.Nb1c3 Bf8b4
4.f3 d5
5.a3 Bb4xc3
6.bxc3 c5
7.cxd5 Nf6xd5
8.dxc5 Qd8a5
9.e4 Nd5e7
10.Bc1e3 O-O
11.Qd1b3 Qa5c7
12.Bf1b5 Nb8d7
13.Bb5xd7 Bc8xd7
 { time }
0-1

[Event "Match"]
[Site "www.echecsemail.com"]
[Date "2015.02.12"]
[Round "1"]
[White "Hrob71"]
[Black "Wagner"]
[WhiteElo "1499"]
[BlackElo "1650"]
[Result "1-0"]
[Round "1"]
1.e4 e5
2.Ng1f3 d6
3.d4 Bc8g4
4.dxe5 Bg4xf3
5.Qd1xf3 dxe5
6.Bf1c4 f6
7.Qf3b3 Qd8d4
8.Bc4xg8 Rh8xg8
9.Qb3xg8 Qd4xe4
10.Bc1e3 Nb8d7
11.O-O b6
12.Qg8e6 Kd8
13.Rf1d1 Bf8d6
14.Nb1c3 Qe4g6
15.Qe6g8 Qg6e8
16.Qg8xg7 e4
17.Nc3d5 Qe8e5
18.Be3f4 Qe5e8
19.Bf4xd6 cxd6
20.Nd5xf6 Qe8e7
21.Qg7g8 Nd7f8
22.Nf6xh7 Kd7
23.Nh7xf8 Ra8xf8
24.Qg8g4 Kc7
25.Qg4g3 Rf8f6
26.Qg3e3 Qe7e5
27.Qe3c3 Qe5xc3
28.bxc3 Rf6e6
29.c4 Re6e5
30.Rd1d5 Re5e6
31.Ra1d1 Kc6
32.h4 a6
33.g4 e3
34.fxe3 { resign }
1-0

[Event "Match"]
[Site "www.echecsemail.com"]
[Date "2015.02.12"]
[Round "1"]
[White "Mdesouza"]
[Black "Apoorva"]
[WhiteElo "2170"]
[BlackElo "2160"]
[Result "1-0"]
[Round "1"]
1.e4 c5
2.Ng1f3 Nb8c6
3.d4 cxd4
4.Nf3xd4 d6
5.c4 g6
6.Nb1c3 Bf8g7
7.Bc1e3 Bc8d7
8.Bf1e2 Ng8f6
9.Qd1d2 Bd7g4
10.f3 Bg4d7
11.g4 Qd8a5
12.a3 a6
13.Kf2 h5
14.b4 Qa5c7
15.Ra1c1 hxg4
16.Nc3d5 Qc7d8
17.Nd4xc6 bxc6
18.Be3b6 Qd8b8
19.Nd5c7 Kf8
20.Nc7xa8 Qb8xa8
21.Bb6e3 gxf3
22.Be2xf3 Qa8c8
23.Rc1g1 Bd7g4
24.Qd2e2 Bg4xf3
25.Qe2xf3 Qc8e6
26.h3 Nf6xe4
27.Kg2 Qe6xc4
28.Rg1c1 Qc4a2
29.Kf1 Ne4d2
30.Be3xd2 Qa2xd2
31.Rc1xc6 Bg7f6
32.Rc6xa6 Kg7
33.Ra6c6  { time }
1-0

[Event "Tourn. n7921"]
[Site "www.chess-mail.com"]
[Date "2015.02.12"]
[Round "1"]
[White "Merimee"]
[Black "Uliczny2"]
[WhiteElo "1590"]
[BlackElo "1710"]
[Result "1-0"]
[Round "1"]
1.d4 Ng8f6
2.Nb1c3 g6
3.Bc1f4 Bf8g7
4.f3 O-O
5.Qd1d2 d5
6.e3 c6
7.Bf4e5 Nb8d7
8.e4 Nd7xe5
9.dxe5 Nf6d7
10.f4 e6
11.Ng1f3 f6
12.exd5 cxd5
13.Bf1b5  { time }
1-0

[Event "Tourn. n8008"]
[Site "www.chess-mail.com"]
[Date "2015.02.12"]
[Round "1"]
[White "Comrade"]
[Black "Stevo100"]
[WhiteElo "2170"]
[BlackElo "2040"]
[Result "1-0"]
[Round "1"]
1.c4 e5
2.Nb1c3 Nb8c6
3.Ng1f3 Ng8f6
4.a3 g6
5.d4 exd4
6.Nf3xd4 Nc6xd4
7.Qd1xd4 Bf8g7
8.Qd4e5 Qd8e7
9.Qe5xe7 Kxe7
10.Bc1g5  { time }
1-0

[Event "Tourn. n8008"]
[Site "www.chess-mail.com"]
[Date "2015.02.12"]
[Round "1"]
[White "Stevo100"]
[Black "Faerieking"]
[WhiteElo "2040"]
[BlackElo "2180"]
[Result "0-1"]
[Round "1"]
1.d4 Ng8f6
2.Bc1f4 c5
3.e3 Qd8b6
4.b3 Nf6d5
5.Bf4g3 cxd4
6.exd4 d6
7.Ng1f3 g6
8.Bf1e2 Bf8g7
9.c4 Qb6b4
10.Nb1d2 Nd5c3
11.Qd1c2 Nc3xe2
12.Kxe2 Bc8f5
13.Qc2d1 Nb8c6
14.Rh1e1 Nc6xd4
15.Nf3xd4 Bg7xd4
16.Ra1c1 O-O
17.Kf1 e5
18.Nd2f3 Bd4c5
19.Nf3h4 Bf5e6
20.f4 f6
21.Nh4f3 Ra8e8
22.Rc1c2 b5
23.fxe5 fxe5
24.Bg3f2 bxc4
25.Bf2xc5 Qb4xc5
26.Qd1e2 d5
27.Qe2xe5 Be6g4
28.Qe5xe8 Rf8xe8
29.Re1xe8 Kf7
30.Re8b8 Bg4xf3
31.gxf3 c3
32.Rb8b7 Kf6
33.Rb7xh7 d4
34.Ke2 Qc5e5
35.Kd1 d3
36.Rc2f2 Qe5e3
 { time }
0-1

[Event "Match"]
[Site "www.echecsemail.com"]
[Date "2015.02.12"]
[Round "1"]
[White "E4player"]
[Black "Calponas"]
[WhiteElo "1809"]
[BlackElo "2040"]
[Result "1-0"]
[Round "1"]
1.e4 c5
2.Nb1c3 d6
3.Ng1e2 Ng8f6
4.d4 cxd4
5.Ne2xd4 a6
6.h3 e5
7.Nd4f3 Bf8e7
8.Bc1e3 Bc8e6
9.Bf1d3 Qd8c7
10.O-O Nb8d7
11.Nf3g5 O-O-O
12.Qd1e2 h6
13.Ng5xe6 fxe6
14.Bd3c4 Nd7c5
15.b4 Nc5xe4
16.Nc3xe4 Nf6xe4
17.Bc4xe6 Kb8
18.c4 Rh8f8
19.Qe2d3 Ne4g5
20.Be6d5 e4
21.Qd3d4 Be7f6
22.Qd4a7 Kc8
23.Be3xg5 { resign }
1-0

[Event "Match"]
[Site "www.echecsemail.com"]
[Date "2015.02.12"]
[Round "1"]
[White "Hundegana"]
[Black "Apoorva"]
[WhiteElo "1950"]
[BlackElo "2160"]
[Result "1-0"]
[Round "1"]
1.e4 c5
2.Bf1c4 e6
3.Ng1f3 a6
4.a4 Nb8c6
5.c3 g6
6.O-O d5
7.exd5 exd5
8.Rf1e1 Ng8e7
9.Bc4a2 Bf8g7
10.h3 O-O
11.d3 Bc8e6
12.Bc1f4 b5
13.Ba2b3 c4
14.dxc4 bxc4
15.Bb3c2 Qd8b6
16.Nb1d2 Qb6xb2
17.Nf3d4 Nc6xd4
18.cxd4 Qb2xd4
19.Bf4e3 Qd4xa1
20.Qd1xa1 Bg7xa1
21.Re1xa1 Ne7c6
22.Bc2d1 d4
23.Be3h6 Rf8e8
24.Bd1f3 Ra8c8
25.Bf3xc6 Rc8xc6
26.Kf1 c3
27.Nd2e4 Be6c4
28.Kg1 Re8xe4
29.f3 Re4h4
30.Bh6g5 Rh4h5
31.Bg5f4 d3
32.Kf2  { time }
1-0

[Event "Match"]
[Site "www.echecsemail.com"]
[Date "2015.02.12"]
[Round "1"]
[White "Chapi"]
[Black "Hrob71"]
[WhiteElo "1970"]
[BlackElo "1499"]
[Result "0-1"]
[Round "1"]
1.d4 Ng8f6
2.c4 c5
3.d5 b5
4.b3 b4
5.a3 d6
6.Bc1d2 Qd8a5
7.Qd1c2 g6
8.Qc2a2 Bf8g7
9.axb4 Qa5xa2
10.Ra1xa2 Bc8f5
11.Nb1a3 O-O
12.bxc5 Nf6e4
13.cxd6 exd6
14.Bd2b4 Nb8a6
15.Bb4a5 Na6c5
16.f3 Ne4c3
17.Ra2d2 Nc5xb3
18.e4 Bf5d7
19.Ba5b4 Nb3xd2
20.Kxd2 Nc3a4
21.Bb4xd6 Rf8c8
22.g3 Bg7c3
23.Kc2 a5
24.Bf1h3 Bd7xh3
25.Ng1xh3 Bc3b4
26.Bd6xb4 axb4
27.Na3b1 Rc8xc4
28.Kb3 Rc4d4
29.Rh1c1 Rd4d3
30.Kxb4 Rd3xf3
31.d6 Na4b6
32.Nh3g5 Ra8a4
33.Kb5 Rf3b3
34.Kc6 Ra4a1
35.d7 Nb6xd7
36.Kxd7 Ra1xb1
37.Rc1c8 Kg7
38.Ke7 Rb3b7
39.Kd6 Rb1b6
40.Rc8c6 Rb6xc6
41.Kxc6 Rb7b2
42.e5 Rb2xh2
43.Kd7 Rh2h5
44.Ng5xf7 Kxf7
45.e6 Kf6
46.e7 Rh5e5
47.e8Q Re5xe8
48.Kxe8 h5
49.Kf8 g5
{ resign }
0-1

[Event "Match"]
[Site "www.echecsemail.com"]
[Date "2015.02.12"]
[Round "1"]
[White "Billyg"]
[Black "Gorgo"]
[WhiteElo "1600"]
[BlackElo "1599"]
[Result "0-1"]
[Round "1"]
1.e4 c5
2.Ng1f3 d6
3.Bf1b5 Nb8d7
4.O-O a6
5.Bb5xd7 Bc8xd7
6.d4 cxd4
7.Nf3xd4 g6
8.Bc1g5 Qd8a5
9.Bg5d2 Qa5b6
10.Bd2c3 Ng8f6
11.Qd1e2 Ra8c8
12.Nb1a3 d5
13.exd5 Nf6xd5
14.Na3c4 Qb6c7
15.Qe2e5 Qc7xe5
16.Nc4xe5 Nd5xc3
17.bxc3 Rc8xc3
18.Ra1d1 Bd7a4
19.Rf1e1 Bf8g7
20.Rd1d2 O-O
21.Re1e3 Rc3xe3
22.fxe3 Bg7xe5
23.Nd4f3 Be5c3
24.Rd2d7 Ba4xd7
25.Kh1 Bd7f5
{ resign }
0-1

[Event "Match"]
[Site "www.echecsemail.com"]
[Date "2015.02.12"]
[Round "1"]
[White "Rindrandria"]
[Black "Ranjachess"]
[WhiteElo "1510"]
[BlackElo "1700"]
[Result "0-1"]
[Round "1"]
1.e3 d6
2.g3 e5
3.Bf1h3 Nb8c6
4.Bh3xc8 Qd8xc8
5.Ng1f3 Qc8f5
6.Nf3h4 Qf5e6
7.O-O Bf8e7
8.Nh4g2 O-O-O
9.d4 Ng8f6
10.Nb1c3 d5
11.dxe5 Qe6xe5
12.Nc3e2 d4
13.exd4 Nc6xd4
14.Bc1e3 Nd4f3
15.Kh1 Rd8xd1
16.Ra1xd1 Rh8d8
17.Ne2c3 Nf6e4
18.Be3f4 Qe5e6
19.Rd1e1 Qe6h3
20.g4 Be7d6
{ resign }
0-1

[Event "Match"]
[Site "www.echecsemail.com"]
[Date "2015.02.12"]
[Round "1"]
[White "Norbos"]
[Black "Theboss"]
[WhiteElo "1640"]
[BlackElo "1599"]
[Result "0-1"]
[Round "1"]
1.e4 e5
2.Ng1f3 Nb8c6
3.d3 h6
4.g3 Bf8c5
5.Bc1e3 b6
6.Nb1c3 Ng8f6
7.Bf1g2 d5
8.O-O d4
9.Be3xd4 exd4
10.Nc3a4 O-O
11.Nf3h4 Bc8g4
12.Bg2f3 Nc6e5
13.Kg2 Qd8d7
14.Bf3e2 Qd7xa4
15.h3 Bg4xe2
16.Qd1xe2 Qa4d7
17.Rf1h1 a5
18.a3 a4
19.b4 axb3
20.cxb3 Ra8xa3
21.Ra1b1 Qd7b5
22.Nh4f5 Qb5xd3
23.Qe2xd3 Ne5xd3
24.Rb1d1 Ra3xb3
25.Rd1d2 Nf6xe4
26.Rh1e1 Ne4xd2
{ resign }
0-1

[Event "Match"]
[Site "www.echecsemail.com"]
[Date "2015.02.12"]
[Round "1"]
[White "Markos123"]
[Black "Jpjohnston"]
[WhiteElo "1830"]
[BlackElo "1980"]
[Result "1-0"]
[Round "1"]
1.e3 e5
2.Nb1c3 d5
3.e4 d4
4.Nc3d5 c6
5.Bf1c4 cxd5
6.Bc4xd5 Ng8f6
7.d3 Nf6xd5
8.a3 Nd5f6
9.Ng1f3 Bf8d6
10.O-O O-O
11.Bc1g5 Bc8g4
12.h3 Bg4xf3
13.Qd1xf3 Nb8d7
14.Ra1c1 h6
15.Bg5d2 Ra8c8
16.c3 dxc3
17.Bd2xc3 Nd7c5
18.Bc3b4 a5
19.Bb4xc5 Bd6xc5
20.Rf1d1 Bc5d4
21.Rc1b1 Rc8c2
22.Kh2 Rc2xf2
23.Qf3g3 Nf6h5
24.Qg3g4 Nh5f4
25.Rd1g1 Rf2xb2
26.Rb1c1 Bd4xg1
27.Rc1xg1 Qd8g5
28.Qg4xg5 hxg5
29.Kh1 Rf8c8
30.g3 Nf4xh3
31.Rg1g2 Rb2xg2
32.Kxg2 g4
33.Kf1 Rc8c3
34.Ke2  { time }
1-0

[Event "Match"]
[Site "www.echecsemail.com"]
[Date "2015.02.12"]
[Round "1"]
[White "Norbos"]
[Black "Gambitchess"]
[WhiteElo "1710"]
[BlackElo "1660"]
[Result "1/2-1/2"]
[Round "1"]
1.e4 d6
2.d3 Ng8f6
3.Ng1f3 g6
4.Bc1g5 Bf8g7
5.h3 O-O
6.Nb1c3 c6
7.Qd1d2 Qd8c7
8.Bf1e2 Nb8d7
9.d4 e5
10.dxe5 dxe5
11.Nf3h4 Nd7c5
12.f3 Nc5e6
13.O-O-O Ne6xg5
14.Qd2xg5 Bc8e6
15.b3 Rf8d8
16.Kb1 Rd8xd1
17.Nc3xd1 h6
18.Qg5d2 Ra8d8
19.Qd2c3 Nf6d7
20.Nd1e3 Nd7b6
21.g4 Rd8d4
22.Rh1g1 Qc7d7
{ draw }
1/2-1/2

[Event "1/32 Finale"]
[Site "www.chess-mail.com"]
[Date "2015.02.12"]
[Round "1"]
[White "Cristiano"]
[Black "Merlino23"]
[WhiteElo "2130"]
[BlackElo "2680"]
[Result "0-1"]
[Round "1"]
1.e4 c5
2.f4 e6
3.Ng1f3 Nb8c6
4.Bf1b5 Ng8e7
5.O-O a6
6.Bb5e2 d5
7.exd5 exd5
8.d3 g6
9.c3 Bf8g7
10.Bc1e3 d4
11.cxd4 cxd4
12.Be3f2 O-O
13.Nb1d2 Ne7d5
14.g3 Nd5e3
15.Bf2xe3 dxe3
16.Nd2c4 Nc6d4
17.Nc4xe3 Rf8e8
18.Qd1d2 Nd4xf3
19.Be2xf3 Re8xe3
{ resign }
0-1

[Event "Tourn. n7957"]
[Site "www.chess-mail.com"]
[Date "2015.02.13"]
[Round "1"]
[White "Picifarkinca"]
[Black "Bigoak"]
[WhiteElo "2000"]
[BlackElo "1980"]
[Result "1-0"]
[Round "1"]
1.Ng1f3 g6
2.c4 d6
3.Nb1c3 Bf8g7
4.g3 e5
5.d3 f5
6.Bf1g2 Nb8c6
7.O-O Ng8f6
8.Ra1b1 O-O
9.b4 b6
10.Nf3xe5 dxe5
11.Bg2xc6 Ra8b8
12.Bc6g2 Bc8e6
13.Qd1a4 c6
14.Bg2xc6 Rf8f7
15.Bc6g2 e4
16.Rf1d1 Rf7d7
17.Bc1f4 Rb8c8
18.dxe4 Rd7xd1
19.Rb1xd1 Qd8e8
20.Qa4xe8 Rc8xe8
21.e5 Nf6d7
22.Bg2c6 Re8e7
23.Nc3d5 Be6xd5
24.Rd1xd5 Nd7xe5
25.Rd5d8 Kf7
26.Bc6d5 Re7e6
27.Rd8d6 Ke7
28.Rd6xe6 { resign }
1-0

[Event "Tourn. n7942"]
[Site "www.chess-mail.com"]
[Date "2015.02.13"]
[Round "1"]
[White "Apoorva"]
[Black "Falcoale"]
[WhiteElo "2180"]
[BlackElo "1970"]
[Result "0-1"]
[Round "1"]
1.d4 Ng8f6
2.c3 e6
3.Nb1d2 b6
4.e4 Bc8b7
5.Bf1d3 d5
6.e5 Nf6d7
7.f4 c5
8.Ng1f3 Nb8c6
9.O-O Bf8e7
10.dxc5 bxc5
11.b3 O-O
12.Qd1c2 g6
13.Bc1b2 f6
14.exf6 Nd7xf6
15.Nf3g5 Bb7c8
16.Rf1f3 Qd8d7
17.Bd3xg6 Be7d6
18.Bg6d3 d4
19.Ra1e1 Bc8b7
20.Ng5xe6 Rf8e8
21.f5 Re8e7
22.Nd2c4 Ra8e8
23.Nc4xd6 Qd7xd6
24.Qc2f2 Nc6e5
25.Qf2g3 Kh8
26.Re1xe5 Bb7xf3
27.cxd4 Bf3h5
28.dxc5 Qd6c6
29.Bb2d4 Re8g8
30.Qg3f2 Bh5f3
31.g3 Re7f7
32.Re5e3 Bf3d5
33.Re3e2 h6
34.Qf2f4 Kh7
35.Qf4h4 Rg8g4
 { time }
0-1

[Event "Tourn. n7926"]
[Site "www.chess-mail.com"]
[Date "2015.02.13"]
[Round "1"]
[White "Abuelo"]
[Black "Cardiff"]
[WhiteElo "2070"]
[BlackElo "2120"]
[Result "1/2-1/2"]
[Round "1"]
1.e4 c6
2.Nb1c3 g6
3.d3 Bf8g7
4.Bc1d2 d5
5.exd5 cxd5
6.Ng1f3 Ng8f6
7.Bf1e2 O-O
8.O-O Nb8c6
9.h3 e5
10.Bd2g5 Bc8e6
11.a3 Qd8d7
12.Bg5xf6 Bg7xf6
13.Qd1d2 a6
14.Nf3g5 Bf6xg5
15.Qd2xg5 f6
16.Qg5d2 Nc6d4
17.Nc3d1 Ra8c8
18.Nd1e3 Rc8c7
19.Be2d1 f5
20.c3 Nd4c6
21.Bd1b3 d4
22.Bb3xe6 Qd7xe6
23.Ne3c2 dxc3
24.bxc3 Rf8d8
25.Nc2b4 Nc6xb4
26.axb4 Rc7d7
27.d4 exd4
28.Rf1e1 Qe6d6
29.Qd2a2 Qd6d5
30.Qa2xd5 { draw }
1/2-1/2

[Event "Tourn. n8019"]
[Site "www.chess-mail.com"]
[Date "2015.02.13"]
[Round "1"]
[White "Supernovae"]
[Black "Fred"]
[WhiteElo "1850"]
[BlackElo "2010"]
[Result "0-1"]
[Round "1"]
1.e4 e5
2.Ng1f3 Bf8c5
3.Bf1c4 d6
4.Nb1c3 h6
5.Nc3a4 Bc5b6
6.Na4xb6 axb6
7.h3 Ng8f6
8.d3 Bc8e6
9.Bc4b3 Nb8d7
10.c3 c6
11.O-O O-O
12.Bc1e3 d5
13.exd5 cxd5
14.Ra1c1 e4
15.Nf3d4 Nd7c5
16.Bb3c2 Qd8d6
17.Nd4b5 Qd6d7
18.Nb5d4 Be6xh3
19.gxh3 Qd7xh3
20.f3 Nf6h5
21.Rf1f2 f5
22.Rf2h2 Qh3g3
23.Rh2g2 Qg3h4
24.Rg2h2 Qh4g3
25.Rh2g2 Qg3d6
26.f4 Nh5xf4
27.Be3xf4 Qd6xf4
28.Qd1f1 Qf4e5
29.Rc1e1 Ra8xa2
30.Nd4f3 Qe5f6
31.Nf3d4 f4
32.Rg2g4 Ra2xb2
33.dxe4 dxe4
34.Bc2xe4 Nc5xe4
35.Re1xe4 f3
36.Rg4f4 Qf6g6
37.Rf4g4 Rb2g2
38.Rg4xg2 Qg6xe4
39.Qf1c4 Kh8
40.Qc4f1 g5
41.Rg2f2 g4
42.Nd4e2 h5
43.Ne2g3 Qe4e5
44.Qf1c1 Qe5xg3
{ resign }
0-1

[Event "Tourn. n7892"]
[Site "www.chess-mail.com"]
[Date "2015.02.13"]
[Round "1"]
[White "Currivan"]
[Black "Jjmcbride"]
[WhiteElo "1730"]
[BlackElo "1730"]
[Result "0-1"]
[Round "1"]
1.d4 d5
2.Nb1c3 e6
3.e3 c5
4.Bf1b5 Bc8d7
5.Ng1f3 a6
6.Bb5xd7 Nb8xd7
7.O-O Bf8d6
8.h3 Ng8e7
9.Nc3e2 h6
10.c3 O-O
11.dxc5 Nd7xc5
12.Qd1c2 e5
13.b4 Nc5e4
14.Bc1b2 Ra8c8
15.Ra1c1 f5
16.Qc2b3 b5
17.Qb3a3 a5
18.Qa3xa5 Qd8xa5
19.bxa5 Rc8a8
20.Rc1a1 Ra8xa5
21.Bb2c1 g5
22.Bc1b2 g4
23.hxg4 fxg4
24.Nf3h4 Kh7
25.g3 Ra5a4
26.a3 d4
27.cxd4 exd4
28.Ne2xd4 Ne4c5
29.Nd4xb5 Bd6b8
30.Ra1c1 Nc5d3
31.Rc1c2 Ra4a5
32.Nb5d4 Bb8e5
33.Bb2a1 Ra5xa3
34.Ba1c3 Rf8c8
35.Nh4f5 Ne7xf5
36.Nd4xf5 Be5xc3
37.Kg2 Rc8f8
38.Rf1h1 Rf8xf5
39.Rh1f1 Nd3e1
40.Kh1 Ne1xc2
41.Rf1d1 Rf5xf2
42.Rd1d7 Bc3g7
43.Kg1 Rf2f3
44.Kg2 Nc2xe3
45.Kh2 Ra3a2
{ resign }
0-1

[Event "Tourn. n7991"]
[Site "www.chess-mail.com"]
[Date "2015.02.13"]
[Round "1"]
[White "Cardiff"]
[Black "Faerieking"]
[WhiteElo "2030"]
[BlackElo "2140"]
[Result "0-1"]
[Round "1"]
1.c4 Ng8f6
2.Nb1c3 e6
3.d4 Bf8b4
4.e3 b6
5.Bf1d3 Bc8b7
6.Ng1f3 c5
7.O-O Bb4xc3
8.bxc3 Bb7e4
9.Bd3xe4 Nf6xe4
10.Qd1c2 f5
11.Nf3e5 O-O
12.f3 Ne4f6
13.Bc1a3 d6
14.Ne5d3 Nb8c6
15.Ra1d1 Qd8c7
16.Nd3f4 Ra8e8
17.d5 Nc6d8
18.e4 fxe4
19.fxe4 e5
20.Nf4e2 Nd8b7
21.Ne2g3 Qc7d7
22.Ng3f5 Nb7a5
23.Nf5e3 Nf6g4
24.Ne3xg4 Qd7xg4
25.Qc2d3 Rf8f6
26.Rf1xf6 gxf6
27.Rd1f1 Kf7
28.Rf1f3 Re8g8
29.Rf3g3 Qg4h5
30.Rg3xg8 Kxg8
31.h3 Qh5h4
32.Kh2 Qh4f4
33.Kg1 f5
34.exf5 Kf7
35.Kh1 e4
36.Qd3e2 Kf6
37.Qe2g4 Qf4xf5
38.Qg4g8 Na5xc4
39.Qg8d8 Ke5
40.Qd8e7 Kxd5
41.Qe7xa7 e3
42.Qa7a8 Ke5
43.Qa8e8 Kf4
44.Qe8a4 Kg3
{ resign }
0-1

[Event "Tourn. n7984"]
[Site "www.chess-mail.com"]
[Date "2015.02.13"]
[Round "1"]
[White "Hansen"]
[Black "Powerchess"]
[WhiteElo "1470"]
[BlackElo "1340"]
[Result "0-1"]
[Round "1"]
1.Nb1c3 e5
2.a3 d5
3.d4 exd4
4.Qd1xd4 Ng8f6
5.Qd4e5 Bf8e7
6.Bc1g5 O-O
7.h4 Nb8c6
8.Qe5f4 Bc8e6
9.Nc3b5 Ra8c8
10.h5 a6
11.Nb5d4 Nc6xd4
12.Qf4xd4 c5
13.Qd4e5 Nf6e4
14.Bg5f4 Be7f6
15.Bf4g5 Bf6xe5
16.Bg5xd8 Rf8xd8
17.g3 Be5xb2
18.Ra1b1 Bb2c3
19.Kd1 Ne4xf2
20.Kc1 Nf2xh1
21.Rb1xb7 Nh1xg3
22.Bf1g2 Rc8b8
23.Rb7e7 Kf8
24.Re7c7 Be6f5
25.Rc7xc5 d4
26.h6 Rb8b2
27.Rc5xf5 Ng3xe2
28.Ng1xe2 Rd8b8
29.Kd1 Rb2b1
30.Ne2c1 gxh6
31.Bg2d5 f6
32.Rf5xf6 Kg7
33.Rf6xa6 Rb8e8
34.Ra6a7 Kh8
35.Bd5a2 Re8e1
{ resign }
0-1

[Event "Tourn. n8016"]
[Site "www.chess-mail.com"]
[Date "2015.02.13"]
[Round "1"]
[White "Stevo100"]
[Black "Osopanda"]
[WhiteElo "2060"]
[BlackElo "2100"]
[Result "0-1"]
[Round "1"]
1.d4 Ng8f6
2.Bc1f4 d6
3.e3 g6
4.Bf1e2 Bf8g7
5.h3 O-O
6.Ng1f3 Nb8c6
7.O-O e5
8.dxe5 dxe5
9.Nf3xe5 Nc6xe5
10.Bf4xe5 c6
11.Nb1d2 Qd8e7
12.Nd2f3 Rf8d8
13.Be2d3 Nf6d5
14.Be5xg7 Kxg7
 { time }
0-1

[Event "Tourn. n8047"]
[Site "www.chess-mail.com"]
[Date "2015.02.13"]
[Round "1"]
[White "Woodpusher2"]
[Black "Rons"]
[WhiteElo "2540"]
[BlackElo "2520"]
[Result "1/2-1/2"]
[Round "1"]
1.e4 c5
2.Ng1f3 d6
3.Nb1c3 Nb8c6
4.d4 cxd4
5.Nf3xd4 Ng8f6
6.Bc1e3 Nf6g4
7.Bf1b5 Ng4xe3
8.fxe3 Bc8d7
9.O-O e6
10.Bb5xc6 bxc6
11.Qd1f3 Qd8f6
12.Qf3xf6 gxf6
13.Rf1xf6 Ra8b8
14.b3 Bf8g7
15.Rf6f2 Bg7e5
16.Ra1f1 c5
17.Nd4e2 Rh8f8
18.Nc3b1 Ke7
19.Nb1d2 Bd7b5
20.Nd2f3 Be5f6
21.c4 Bb5c6
22.Nf3d4 Bf6xd4
23.exd4 Bc6xe4
24.dxc5 dxc5
25.Rf1e1 Be4c6
26.Ne2g3 Rb8d8
27.Ng3f5 Kd7
28.Nf5g7 Ke7
29.h3 Rd8d3
30.Re1e5 Kd6
31.Re5e2 Bc6d7
32.Rf2f6 Ke7
33.Ng7h5 Bd7c6
34.Rf6f5 { draw }
1/2-1/2